Postavenie technických noriem z oblasti kvality vo vzťahu k legislatíve Slovenskej republiky a smernica 98/34/ES

Uplatňovanie normy ISO 9001 v organizácii ako krok na ceste k skvalitneniu činnosti a k uspokojovaniu zákazníka. Preukázanie kvalitnej práce organizácie a posúdenie systému manažérstva kvality (SMK) autorizovanou osobou. Vzťahy medzi dodávateľom a odberateľom a požiadavka certifikácie systému manažé...

Descrizione completa

Salvato in:
Dettagli Bibliografici
Autore principale: Bílý, Matej
Altri autori: Lakatoš, Peter
Natura: Capitolo di libro
Lingua:slovacco
Soggetti:
Tags: Aggiungi Tag
Nessun Tag, puoi essere il primo ad aggiungerne!!

MARC

LEADER 00000naa$a2200000$$$4500
001 0057126
005 20230511072822.2
041 0 |a slo 
044 |a SK 
245 1 0 |a Postavenie technických noriem z oblasti kvality vo vzťahu k legislatíve Slovenskej republiky a smernica 98/34/ES  |c Matej Bílý, Peter Lakatoš 
520 |a Uplatňovanie normy ISO 9001 v organizácii ako krok na ceste k skvalitneniu činnosti a k uspokojovaniu zákazníka. Preukázanie kvalitnej práce organizácie a posúdenie systému manažérstva kvality (SMK) autorizovanou osobou. Vzťahy medzi dodávateľom a odberateľom a požiadavka certifikácie systému manažérstva kvality. Slovenské technické normy a ich vzťah k Európskej únii. Ciele smernice 98/34/ES, ktorá stanovuje postupy poskytovania informácií v oblasti technických noriem a predpisov. Povinnosť členských štátov notifikovať technické predpisy, ktoré zamýšľajú prijať na národnej úrovni. Zlepšené poskytovanie informácií ako jeden zo spôsobov, ako podnikom pomáhať pri využívaní výhod vnútorného trhu. 
610 2 0 |a normalizácia technická 
610 2 0 |a normy ISO 
610 2 0 |a normy kvality 
610 2 0 |a normy medzinárodné 
610 2 0 |a riadenie kvality 
610 2 0 |a trh voľný 
610 2 0 |a pohyb tovaru 
610 2 0 |a Európska únia 
610 2 0 |a smernice 
610 2 0 |a legislatíva 
100 1 |a Bílý, Matej 
700 1 |a Lakatoš, Peter